Top 50 Greatest Basketball Players Of The 2013-2014 NBA Season - Statistics

General Stats
  • This quiz has been taken 442 times
  • The average score is 16 of 50
Answer Stats
Rank Player % Correct
1 LeBron James
96%
4 Kobe Bryant
79%
2 Kevin Durant
77%
34 Derrick Rose
73%
19 Dwyane Wade
68%
12 Tim Duncan
62%
10 Chris Paul
61%
11 Stephen Curry
60%
7 James Harden
59%
23 Chris Bosh
58%
8 Tony Parker
52%
6 Carmelo Anthony
50%
14 Blake Griffin
48%
13 Dirk Nowitzki
48%
18 Dwight Howard
48%
50 Pau Gasol
47%
22 Kyrie Irving
45%
3 Paul George
42%
16 Anthony Davis
37%
9 Kevin Love
37%
21 John Wall
33%
17 Russel Westbrook
31%
15 Damian Lillard
30%
25 DeAndre Jordan
30%
30 DeMarcus Cousins
30%
24 Manu Ginobili
29%
20 Joakim Noah
26%
26 DeMar DeRozan
23%
36 Kyle Lowry
23%
5 LaMarcus Aldridge
23%
47 Deron Williams
21%
43 Al Horford
19%
37 Mike Conley
17%
27 Joe Johnson
16%
39 Paul Millsap
16%
33 Zach Randolph
15%
38 Andre Drummond
12%
32 Rudy Gay
12%
29 Al Jefferson
9%
40 Luol Deng
8%
28 Monta Ellis
8%
35 David Lee
7%
46 Chandler Parsons
6%
44 Jamal Crawford
6%
42 Josh Smith
6%
48 Ty Lawson
6%
31 Doran Dragic
2%
41 Klay Johnson
2%
45 Kevin Martin
1%
49 Thaddeus Young
1%
No matching quizzes found
Score Distribution
Percent of People with Each Score
Percentile by Number Answered
Your Score History
You have not taken this quiz